000 00528pab a2200193 454500
008 180718b2006 xxu||||| |||| 00| 0 eng d
100 _aSudarsana Reddy G.
245 _aIndustry-business school interaction for quality management education
260 _c2006
300 _ap.6-10.
362 _a7 Aug
650 _aIndustry and education
650 _aEducational quality
650 _aManagement education
700 _aMohan Reddy P.
700 _aRaghunath Reddy, S.
773 _aUniversity News
909 _a70721
999 _c70721
_d70721